Direction of Trade Statistics Quarterly, March 2010.

This publication provides data on the country and area distribution of countries exports and imports as reported by themselves or by their partners. The quarterly issues cover data for the most recent six quarters and the latest year for 169 countries, and ten quarters and five years for the world a...

詳細記述

書誌詳細
団体著者: International Monetary Fund. Statistics Dept
フォーマット: 雑誌
言語:English
出版事項: Washington, D.C. : International Monetary Fund, 2010.
シリーズ:Direction of Trade Statistics; Direction of Trade Statistics ; No. 2010/001
オンライン・アクセス:Full text available on IMF
LEADER 01414cas a2200241 a 4500
001 AALejournalIMF006325
008 230101c9999 xx r poo 0 0eng d
020 |c 50.00 USD 
020 |z 9781451930092 
022 |a 0252-306X 
040 |a BD-DhAAL  |c BD-DhAAL 
110 2 |a International Monetary Fund.  |b Statistics Dept. 
245 1 0 |a Direction of Trade Statistics Quarterly, March 2010. 
264 1 |a Washington, D.C. :  |b International Monetary Fund,  |c 2010. 
300 |a 1 online resource (450 pages) 
490 1 |a Direction of Trade Statistics 
500 |a <strong>Off-Campus Access:</strong> No User ID or Password Required 
500 |a <strong>On-Campus Access:</strong> No User ID or Password Required 
506 |a Electronic access restricted to authorized BRAC University faculty, staff and students 
520 3 |a This publication provides data on the country and area distribution of countries exports and imports as reported by themselves or by their partners. The quarterly issues cover data for the most recent six quarters and the latest year for 169 countries, and ten quarters and five years for the world and area tables. 
538 |a Mode of access: Internet 
830 0 |a Direction of Trade Statistics; Direction of Trade Statistics ;  |v No. 2010/001 
856 4 0 |z Full text available on IMF  |u http://elibrary.imf.org/view/books/042/10788-9781451930092-en/10788-9781451930092-en-book.xml  |z IMF e-Library